000 00350nam a22001577a 4500
003 OSt
005 20260424154728.0
008 240307b ||||| |||| 00| 0 eng d
040 _cAL
041 _aeng
082 _a914.6
_bGEOB
100 _aBorrow George
_9262674
245 _aBible in Spain
260 _bWord Book & Co Ltd
942 _2ddc
_cBK
999 _c230142
_d230142